000 00823aam a2200301 i 4500
001 768714001
003 CO-MdFUSB
005 20250521122418.0
007 ta
008 250521t1984 -us |||| |||| 00| 0 eng d
020 _a0-89191-843-4
040 _cCO-MdFUSB
041 0 _aeng
082 0 4 _223
_a248.4
_bG933f
100 1 _aGuernsey, Dennis B.
_eautor
245 1 0 _aThe family covenant :
_blove and forgiveness in the christian home
_c/ Dennis B. Guernsey
264 1 _bDavid C Cook
_aElgin, ILL., USA :
_c[1984]
264 4 _c©1984
300 _a115 páginas
336 _atexto
_btxt
_2rdacontent
337 _2rdamedia
_asin mediación
_bn
338 _2rdacarrier
_avolumen
_bnc
563 _aRústico
650 0 _aVida cristiana
_919
942 _cBK
945 _aJTF-925
999 _c35877
_d35877